[Event "Mecklenburg VP-ch U16"]
[Site "Malchow"]
[Date "2015.02.??"]
[Round "4.5"]
[White "Rosenstock, Ruben"]
[Black "Quang, Luu Vinh"]
[Result "0-1"]
[WhiteElo "1263"]
[BlackElo "1560"]
[PlyCount "24"]
[EventDate "2015.02.04"]
[EventType "swiss"]
[EventRounds "7"]
[EventCountry "GER"]
[SourceTitle "EXT 2022"]
[Source "ChessBase"]
[SourceDate "2021.10.06"]
[SourceVersion "1"]
[SourceVersionDate "2021.10.06"]
[SourceQuality "1"]

1. e4 e5 2. Nf3 Nc6 3. Bc4 Bc5 4. c3 Nf6 5. d3 h6 6. 0-0 d6 7. Be3 Bb6 8. Nbd2 0-0 9. Nh4 Nxe4 10. Ng6 Nxd2 11. Bxd2 d5 12. Bxh6 fxg6 0-1

[Event "Mecklenburg VP-ch U16"]
[Site "Malchow"]
[Date "2015.02.??"]
[Round "3.5"]
[White "Troemer, Felix"]
[Black "Rosenstock, Ruben"]
[Result "1/2-1/2"]
[WhiteElo "1454"]
[BlackElo "1263"]
[PlyCount "65"]
[EventDate "2015.02.04"]
[EventType "swiss"]
[EventRounds "7"]
[EventCountry "GER"]
[SourceTitle "EXT 2022"]
[Source "ChessBase"]
[SourceDate "2021.10.06"]
[SourceVersion "1"]
[SourceVersionDate "2021.10.06"]
[SourceQuality "1"]

1. e4 e5 2. Nf3 Nc6 3. Nc3 Bc5 4. Nxe5 Nxe5 5. d4 Bd6 6. dxe5 Bxe5 7. Bd2 Nf6 8. Bd3 d5 9. exd5 Nxd5 10. Nxd5 Qxd5 11. Qe2 0-0 12. Be4 Qd6 13. c3 Re8 14. g3 c6 15. 0-0 Bg4 16. f3 Bh5 17. Rad1 f5 18. Bc2 Bd4+ 19. Be3 Bxe3+ 20. Qxe3 Qxd1 21. Qxe8+ Rxe8 22. Bxd1 Re3 23. Kf2 Rd3 24. Ke2 Rd6 25. Re1 Kf7 26. Bb3+ Kf6 27. h3 Bf7 28. Bxf7 Kxf7 29. Kf2 Kf6 30. Re2 Rd3 31. Re3 Rd2+ 32. Re2 Rd3 33. Re3 1/2-1/2

[Event "Mecklenburg VP-ch U16"]
[Site "Malchow"]
[Date "2014.02.04"]
[Round "7"]
[White "Reimer, Simon"]
[Black "Rosenstock, Ruben"]
[Result "1-0"]
[WhiteElo "1142"]
[BlackElo "1124"]
[PlyCount "67"]
[EventDate "2014.02.01"]
[EventType "swiss"]
[EventRounds "7"]
[EventCountry "GER"]
[SourceTitle "EXT 2017"]
[Source "ChessBase"]
[SourceDate "2016.10.25"]
[SourceVersion "1"]
[SourceVersionDate "2016.10.25"]
[SourceQuality "1"]

1. e4 e5 2. Nf3 Nc6 3. Bc4 Bc5 4. c3 Nf6 5. d4 exd4 6. cxd4 Bb4+ 7. Bd2 Nxe4 8. Bxb4 Nxb4 9. Bxf7+ Kf8 10. Bb3 Qe7 11. 0-0 Qf6 12. Nc3 Ng5 13. Nxg5 Qxg5 14. a3 Nc6 15. Qf3+ Qf6 16. Qxf6+ gxf6 17. Nb5 Rb8 18. d5 Na5 19. Bc2 c6 20. dxc6 dxc6 21. Nd6 Ke7 22. Nxc8+ Rbxc8 23. Rfe1+ Kf7 24. Rad1 h6 25. Rd7+ Kf8 26. Re6 Re8 27. Rxf6+ Kg8 28. g3 h5 29. Rf5 Nc4 30. Bb3 b5 31. Ba2 Rh7 32. Bxc4+ bxc4 33. Rxh7 Kxh7 34. Rxh5+ 1-0

[Event "Mecklenburg VP-ch U16"]
[Site "Malchow"]
[Date "2014.02.03"]
[Round "5"]
[White "Hagemann, Sven Sebastian"]
[Black "Rosenstock, Ruben"]
[Result "1/2-1/2"]
[WhiteElo "1093"]
[BlackElo "1124"]
[PlyCount "70"]
[EventDate "2014.02.01"]
[EventType "swiss"]
[EventRounds "7"]
[EventCountry "GER"]
[SourceTitle "EXT 2017"]
[Source "ChessBase"]
[SourceDate "2016.10.25"]
[SourceVersion "1"]
[SourceVersionDate "2016.10.25"]
[SourceQuality "1"]

1. e4 e5 2. Nf3 Nc6 3. Nc3 Bc5 4. Bb5 a6 5. Ba4 Nf6 6. 0-0 0-0 7. d3 d5 8. Bxc6 bxc6 9. Nxe5 Qd6 10. Nf3 Bg4 11. h3 Bh5 12. Bd2 Bd4 13. Re1 Rfe8 14. g4 Bg6 15. Nxd4 dxe4 16. Nf5 Bxf5 17. gxf5 exd3 18. Re3 Rxe3 19. Bxe3 dxc2 20. Qxc2 Nd5 21. Rd1 Nxe3 22. fxe3 Qg3+ 23. Qg2 Qxe3+ 24. Kh1 Qe8 25. f6 g6 26. Qg3 Rc8 27. Re1 Qd8 28. Qe5 Qd7 29. Kg1 h5 30. Qf4 Qxh3 31. Qh6 Qg3+ 32. Kf1 Qf3+ 33. Kg1 Qg3+ 34. Kf1 Qf3+ 35. Kg1 Qg3+ 1/2-1/2

[Event "Mecklenburg VP-ch U16"]
[Site "Malchow"]
[Date "2014.02.02"]
[Round "3"]
[White "Stuppe, Hannes"]
[Black "Rosenstock, Ruben"]
[Result "0-1"]
[WhiteElo "1307"]
[BlackElo "1124"]
[PlyCount "74"]
[EventDate "2014.02.01"]
[EventType "swiss"]
[EventRounds "7"]
[EventCountry "GER"]
[SourceTitle "EXT 2017"]
[Source "ChessBase"]
[SourceDate "2016.10.25"]
[SourceVersion "1"]
[SourceVersionDate "2016.10.25"]
[SourceQuality "1"]

1. e4 e5 2. Nf3 Nc6 3. Bb5 Bc5 4. Nc3 a6 5. Ba4 Nf6 6. h3 0-0 7. d3 Nd4 8. Nxe5 d5 9. Nf3 b5 10. Bb3 dxe4 11. dxe4 Nxb3 12. Qxd8 Rxd8 13. axb3 Bb7 14. Bf4 Nxe4 15. Bxc7 Bxf2+ 16. Ke2 Rd7 17. Bf4 Bg3 18. Nxe4 Bxf4 19. Nc5 Re8+ 20. Kf2 Be3+ 21. Kg3 Bxc5 22. Rhe1 Rxe1 23. Rxe1 Rd8 24. c3 f6 25. b4 Bd6+ 26. Kf2 Kf7 27. Re2 Bxf3 28. Kxf3 Be5 29. Ke4 Ke6 30. g4 Ra8 31. Rd2 g6 32. Rf2 a5 33. bxa5 Rxa5 34. Re2 Ra4+ 35. Kd3 f5 36. gxf5+ gxf5 37. Ke3 Re4+ 0-1

[Event "GER-chT North U16"]
[Site "Greifswald"]
[Date "2013.09.13"]
[Round "4.3"]
[White "Rosenstock, Ruben"]
[Black "Hoppe, Michael"]
[Result "0-1"]
[WhiteElo "928"]
[BlackElo "1596"]
[PlyCount "80"]
[EventDate "2013.09.12"]
[EventType "team-swiss"]
[EventRounds "7"]
[EventCountry "GER"]
[SourceTitle "EXT 2014"]
[Source "ChessBase"]
[SourceDate "2013.11.20"]
[SourceVersion "1"]
[SourceVersionDate "2013.11.20"]
[SourceQuality "1"]
[WhiteTeam "Greifswald"]
[BlackTeam "Hagen"]
[WhiteTeamCountry "GER"]
[BlackTeamCountry "GER"]

1. e4 Nc6 2. Nf3 d5 3. exd5 Qxd5 4. Nc3 Qa5 5. d4 Bg4 6. Be2 0-0-0 7. 0-0 Bxf3 8. Bxf3 Nxd4 9. Bg4+ e6 10. Bd2 h5 11. Be2 Bb4 12. a3 Be7 13. Nb5 Nxe2+ 14. Qxe2 Rxd2 15. Nxa7+ Kb8 16. Qe3 Bc5 17. Qe1 Ne7 18. b4 Qxa7 19. Qxd2 Bd6 20. Rfd1 Rd8 21. Qg5 g6 22. Rxd6 Rxd6 23. Qxe7 Qd4 24. Qe8+ Rd8 25. Qxd8+ Qxd8 26. g3 Qd2 27. c4 Kc8 28. c5 Qb2 29. Re1 Qxa3 30. Re4 Qb3 31. Rf4 f5 32. h3 Qc3 33. h4 e5 34. Kg2 exf4 35. c6 Qxc6+ 36. f3 fxg3 37. b5 Qxb5 38. Kh3 f4 39. Kg2 Qe2+ 40. Kh3 Qh2# 0-1